| 000 | 00699nam a2200289Ia 4500 | ||
|---|---|---|---|
| 001 | Z_4143 | ||
| 003 | CHAP | ||
| 008 | 220113s2001 xx 000 0 und d | ||
| 010 | _a167206 | ||
| 040 | _cCHAP | ||
| 090 | _aFolleto 590 | ||
| 100 |
_aMejía-Saulés, Ma. Teresa _9141359 |
||
| 245 |
_aPoaceae I : clave de genéros / _cpor Ma. Teresa Mejía-Saulés |
||
| 260 |
_aXalapa, Ver. : _bFlora de Veracruz, _c2001 |
||
| 300 | _a32 p. ; ilus. | ||
| 440 | _a | ||
| 500 | _aFotocopía | ||
| 503 | _a | ||
| 650 |
_aFlora de Veracruz _9141360 |
||
| 650 |
_aPoaceae _9141361 |
||
| 901 | _aFolleto 590 | ||
| 902 | _aA | ||
| 910 | _a2001 | ||
| 942 | _cc14 | ||
| 942 | _cc14 | ||
| 999 |
_c167206 _d167206 |
||